Statistics for Youtube World records and Milestones

Click here to take the quiz!

General Stats

  • This quiz has been taken 16 times
  • The average score is 12 of 30

Answer Stats

HintRecordAnswer% Correct
Most Subscribed Youtube Channel257 Million SubscribersT-Series
86%
Most Views234,000,000,000+T Series
86%
First Channel To Reach 200,000,00 SubscribersNovember 29 2021T-Series
86%
First Channel to Reach 100,000,000 SubscribersMay 29 2019T-Series
86%
Most Subscribers gained in a Week7,000,000 SubscribersMrbeast
79%
Most Subscribers gained in a Month18,300,000 SubscribersMrbeast
79%
Most Subscribers gained in a Year99,600,000 SubscribersMrbeast
79%
First Channel To Reach 50,000,000 SubscribersDecember 8 2016PewDiePie
79%
Longest Total Time as Most Subscribed Channel2063 DaysPewDiePie
79%
Most Liked Youtube Video52 Million LikesDespacito
71%
First Channel To Reach 1000 SubscribersNovember 5 2005Smosh
50%
First Channel To Reach 10,000,000 SubscribersMay 25 2013Smosh
50%
First Channel To Reach 100,000 SubscribersMay 15 2007Smosh
50%
Most Subscribers Lost in a Day1,261,460 Subscribers LostJames Charles
43%
Most Viewed Youtube Video13 BillionBaby Shark Dance
29%
First Channel To Reach 1,000,000 SubscribersApril 7 2009FRED
29%
First Video To Reach 1 Billion ViewsDecember 21st 2012Gangnam Style
29%
Most Subscribed Deceased Individual Youtuber16,600,000 SubscribersTechnoblade
29%
First Channel To Reach 5,000,000 SubscribersNovember 15 2011Ray William Johnson
21%
Most Subscribed Deceased Artist39,500,000 SubscribersXXXTENTACION
21%
First Channel To Reach 10,000 SubscribersJuly 7 2006Brookers
14%
Most Subbed Inactive Youtube Channel43,600,000 SubscribersHolaSoyGerman
14%
First Channel To Reach 50,000 SubscribersOctober 23 2006lonelygirl15
14%
Most Subscribers Gained in a Minute120,000 SubscribersCazéTV
7%
Most Subscribers Gained in a Second20,000 SubscribersCazéTV
7%
Most Viewed Youtube Short2,136,355,499+ ViewsIf Cleaning was a timed sport Part 2/David La Belle
7%
Most Subscribers gained in a Day2,898,590 Subscriberstomiii 11
7%
Most Subscribers Youtube Channel that was deleted23 Million SubscribersHappy Lives
0%
Most Subscribers gained in an Hour680,000 SubscribersISRO Official
0%
Most Uploads2,028,000+ UploadsRoel Van De Paar
0%

Score Distribution

Percentile by Number Answered

Percent of People with Each Score

Your Score History

You have not taken this quiz